MARC

Tag First Indicator Second Indicator Subfields
LEADER 00000cam a2200000 4500
001 in00000057672
005 20151008050418.0
008 760211s1929 nyuab 00110 eng
010 |a  29029370  
035 |a (OCoLC)01984283 
035 |9 AAG0888AM 
040 |a DLC  |c FNP  |d TXA  |d UtOrBLW 
049 |a TXAM  |c [71407] 
050 0 |a HC276  |b .O4 
092 |a 330.944  |b O34e 
100 1 |a Ogburn, William F.,  |d 1886-1959. 
245 1 4 |a The economic development of post-war France ;  |b a survey of production /  |c by William F. Ogburn ... and William Jaffe ... 
264 1 |a New York :  |b Columbia university press,  |c 1929. 
300 |a xii, 613 pages :  |b illustrations (maps) diagrams ;  |c 23 cm. 
336 |a text  |b txt  |2 rdacontent 
337 |a unmediated  |b n  |2 rdamedia 
338 |a volume  |b nc  |2 rdacarrier 
490 0 |a Social and economic studies of post-war France, prepared under the auspices of Columbia university, Council for research in the social sciences, vol. III 
504 |a Bibliography: pages 599-610. 
650 0 |a Finance  |z France. 
650 0 |a Currency question  |z France. 
650 0 |a Reconstruction (1914-1939)  |z France. 
651 0 |a France  |x Economic conditions  |y 1918-1945. 
650 0 |a Industries  |z France. 
700 1 |a Jaffé, William. 
999 |a MARS 
999 f f |s fad8abba-a0f8-3ffd-9b1b-adc798c99c39  |i 03afc405-f87c-39a9-947f-5f8aa2a7329a  |t 0 
952 f f |p ric  |a Texas A&M University  |b Rellis Campus  |c Joint Library Facility  |d Remote Storage  |t 0  |e HC276 .O4  |h Library of Congress classification  |i unmediated -- volume  |m A14800702748 
998 f f |a HC276 .O4  |t 0  |l Remote Storage